000 00513cam a22001577a 4500
008 180718b2000 xxu||||| |||| 00| 0 eng d
020 _a0195649583
082 _aABx54 C791
245 _aGurus and their followers: new religious reform movements in colonial India
_cedited by Antony Copley
260 _aNew Delhi
_bOxford Univ. Press
_c2000
300 _a235p.
650 _aSocial problems - India
650 _aSocial movements - India
650 _aReligion and sociology - India
700 _aCopley, Antony
999 _c391363
_d391363